000 00401nam a2200157Ia 4500
008 231217s9999 xx 000 0 und d
041 _aEnglish
082 _a00.6424LIN SOB1;1 R
100 _aSobell, Mark G.
245 0 _aPractical guide to red hat Linux 8
260 _c2003
_bPearson
_aDelhi
300 _axlvii+1564
300 _cCD2006, CD2007
650 _ared,hat,Linux,8
942 _cAA
999 _c174756
_d174756